MARC

LEADER 00000ngm^a2200000^a^4500
001 000315386
005 20250521000000.0
009 20260310113242.78
037 |a Acervo ITESO - Biblioteca 
041 |a ESP 
082 |a 320. 956061  |b MAB 
100 |a Mabile, Tresha  |e (realización) 
245 1 0 |a Talibanes :  |b la realidad = Inside Talibanistan /  |c Realización de T. Mabile. 
264 |a México :  |b En Pantalla Producciones Internacionales [distribución],  |c copyright fecha no identificada 
300 |a 1 DVD regiones 1 y 4  |c (50 min.) 
336 |a imagen móvil bidimensional  |b tdi  |2 rdacontenido 
337 |a video  |b v  |2 rdamedio 
338 |a videodisco  |b vd  |2 rdasoporte 
546 |a En inglés, con subtítulos opcionales: español 
546 |a Doblaje opcional: español 
649 |a XX 
650 |a Al-Qaeda 
650 |a Talibán (Movimiento) -  |x Tema Principal 
650 |a Terrorismo 
650 |a Intervención Militar en Afganistán 
650 |a Intervención Militar de EUA 
650 |a Guerra y Paz -  |z Afganistán -  |x Historia 
650 |a Violencia Política -  |z Afganistán -  |x Historia 
650 |a Política Exterior -  |z EUA -  |x Historia -  |y 2001-2009 
650 |a Política Exterior -  |z EUA -  |x Historia -  |y Siglo XXI 
650 |a Fundamentalismo Religioso -  |z Afganistán -  |x Historia 
650 |a Fundamentalismo Político -  |z Afganistán -  |x Historia 
650 |a Política y Religión -  |z Afganistán -  |x Historia 
650 |a Islamismo y Estado -  |z Afganistán -  |x Historia 
650 |a Política -  |z Afganistán -  |x Historia -  |y Invasión Norteamericana, 2001 
650 |a Política -  |z Afganistán -  |x Historia -  |y Talibanes, 1997-2001 
650 |a Política -  |z Afganistán -  |x Historia -  |y Siglo XXI 
650 |a Política -  |z Pakistán -  |x Historia -  |y Siglo XXI 
650 |a Política -  |z EUA -  |x Historia -  |y 2001-2009 -  |x Tema Principal 
650 |a Política -  |z EUA -  |x Historia -  |y Siglo XXI 
650 |a Política Internacional 
650 |a EUA -  |x Condiciones Políticas 
650 |a Afganistán -  |x Condiciones Políticas 
650 |a Bin Laden, Osama 
910 |a Fondo General 
920 |a Audiovisuales - DVDs 
905 |a 302 
901 |a 0500211405  |b IT2  |c DVS  |i C129580  |u 20250521 
902 |a https://opac.biblio.iteso.mx/vufind/Record/000315386